Score 0/10 Timer 06:00
2 Plays Today
% Correct
J.K. Rowling
90.9%
Jane Austen
84.7%
Beatrix Potter
81.2%
Agatha Christie
77.2%
Toni Morrison
45%
George Eliot
45%
Virginia Woolf
44.5%
Ayn Rand
39.3%
Margaret Atwood
36.3%
Willa Cather
24.9%
Remove Ads.
Support Sporcle.
Get the best of Sporcle when you Go Orange. This ad-free experience offers more features, more stats, and more fun while also helping to support Sporcle. Thank you for becoming a member.

You're not logged in!

Compare scores with friends on all Sporcle quizzes.
OR
Log In

Sporcle TV

Today on Sporcle TV


Watch our educational content, quiz creation guides, and fun videos on Sporcle TV.

Show Comments

Extras

Top Quizzes Today


Score Distribution

Paid Content

Your Account Isn't Verified!

In order to create a playlist on Sporcle, you need to verify the email address you used during registration. Go to your Sporcle Settings to finish the process.

Report this User

Report this user for behavior that violates our Community Guidelines.

Details: